Foreign cultural policy : a survey from a German point of view /

Bibliographic Details
Main Author: Arnold, Hans, 1923 August 14-
Format: Book
Language:English
German
Published: Tubingen ; Basle [Basel] : London : Erdmann ; Wolff, 1979.
Subjects:

MARC

Tag First Indicator Second Indicator Subfields
LEADER 00000cam a2200000 a 4500
001 in00000069509
005 20151008054455.0
008 810508s1979 gw 00010 engm
010 |a  81460224  
015 |a GFR79-A44 
020 |a 377110324X (pbk.) :  |c DM24.00 
035 |a (OCoLC)07574020 
035 |9 AAJ0771AM 
040 |a DLC  |c DLC  |d m.c.  |d TXA  |d UtOrBLW 
041 1 |a eng  |a ger 
043 |a e-gw--- 
049 |a TXAM  |c [985505] 
050 0 0 |a DD259.4  |b .A72713 
082 0 |a 303.4/82/0943  |2 19 
100 1 |a Arnold, Hans,  |d 1923 August 14- 
245 1 0 |a Foreign cultural policy :  |b a survey from a German point of view /  |c Hans Arnold ; [translated by Keth Hamnett]. 
264 1 |a Tubingen ;  |a Basle [Basel] :  |b Erdmann ;  |a London :  |b Wolff,  |c 1979. 
300 |a 211 pages ;  |c 21 cm. 
336 |a text  |b txt  |2 rdacontent 
337 |a unmediated  |b n  |2 rdamedia 
338 |a volume  |b nc  |2 rdacarrier 
500 |a German edition has title: Auswartige Kulturpolitik: ein Uberblick aus deutscher Sicht. 
650 0 |a Cultural relations. 
651 0 |a Germany (West)  |x Relations. 
999 |a MARS 
999 f f |s 521086a6-00df-3c3f-bcac-e754a2ed751f  |i 58356978-5e37-3c3e-9c8f-b04fdfbb4581  |t 0 
952 f f |p ric  |a Texas A&M University  |b Rellis Campus  |c Joint Library Facility  |d Remote Storage  |t 0  |e DD259.4 .A72713  |h Library of Congress classification  |i unmediated -- volume  |m A14806097808 
998 f f |a DD259.4 .A72713  |t 0  |l Remote Storage